000 00394nam a22001577a 4500
005 20160521094044.0
008 160521b xxu||||| |||| 00| 0 eng d
041 _aeng
082 _b3644
100 _aRobert E. Reed Hill
_9895
245 _aPhysical Matallurgy Principles
260 _bLitton Educational Publishing Izd
300 _a900
650 _aDIPLOMA ENGINEERING
_9817
942 _cBK
999 _c1244
_d1244